| 000 | 00665nam a2200193 i 4500 | ||
|---|---|---|---|
| 001 | 35451 | ||
| 003 | ES-MaACL | ||
| 005 | 20250903011156.0 | ||
| 007 | t| | ||
| 008 | 030213q1911 fr ||||1| fre d | ||
| 100 | 1 |
_aBouasse, H. _930820 |
|
| 245 | 1 | 0 |
_aCours de mathématiques générales spécialement écrit pour les physiciens et les ingénieurs, conforme au programme pour le certificat de mathématiques générales... / _cpar H. Bouasse. |
| 250 | _a2eme. ed. | ||
| 260 |
_aParis : _bDelagrave, _c[1911?] |
||
| 300 |
_a646 p. : _bil. ; _c25 cm. |
||
| 650 | 0 | 7 |
_aMatemáticas _2embne _914814 |
| 852 |
_aES-MaACL _jB-4849 |
||
| 999 |
_c35451 _d35451 |
||